[Event "Titled Tuesday intern op 13th Aug Early"]
[White "Carroll, Thomas"]
[Black "Romero Ruscalleda, Josep"]
[Site "Chess.com INT"]
[Round "6"]
[Result "0-1"]
[Date "2024.08.13"]
[WhiteElo "2111"]
[BlackElo "2153"]
[PlyCount "78"]
[EventDate "2024.08.13"]
[EventType "swiss (blitz)"]
[EventRounds "11"]
[EventCountry "USA"]
[SourceTitle "EXT 2025"]
[Source "ChessBase"]
[SourceDate "2024.10.14"]
[SourceVersion "1"]
[SourceVersionDate "2024.10.14"]
[SourceQuality "1"]

1. d4 g6 2. Nc3 Bg7 3. e4 d6 4. h4 h5 5. Nf3 Bg4 6. Bc4 Nc6 7. Be3 e5 8. d5 Nd4 9. Nb5 Nxf3+ 10. gxf3 Bd7 11. Qd2 a6 12. Nc3 b5 13. Bd3 Bh6 14. f4 exf4 15. Bxf4 Bg7 16. 0-0-0 Nf6 17. e5 dxe5 18. Bxe5 0-0 19. Rhg1 b4 20. Ne4 Nxe4 21. Bxe4 Bxe5 22. Bxg6 fxg6 23. Rxg6+ Bg7 24. Rdg1 Bg4 25. f3 Rxf3 26. d6 cxd6 27. Qd5+ Kh8 28. R1xg4 hxg4 29. Qh5+ Kg8 30. Qd5+ Rf7 31. h5 Qe8 32. Re6 Qf8 33. h6 Bxh6+ 34. Kd1 Rf1+ 35. Re1+ Rf7 36. Re6 Re8 37. Rg6+ Bg7 38. Qg5 Rf1+ 39. Kd2 Qf4+ 0-1

[Event "Titled Tuesday intern op 13th Aug Early"]
[White "Carroll, Thomas"]
[Black "Sanhueza, Cristian"]
[Site "Chess.com INT"]
[Round "7"]
[Result "1-0"]
[Date "2024.08.13"]
[WhiteElo "2111"]
[BlackElo "2212"]
[PlyCount "75"]
[EventDate "2024.08.13"]
[EventType "swiss (blitz)"]
[EventRounds "11"]
[EventCountry "USA"]
[SourceTitle "EXT 2025"]
[Source "ChessBase"]
[SourceDate "2024.10.14"]
[SourceVersion "1"]
[SourceVersionDate "2024.10.14"]
[SourceQuality "1"]

1. d4 Nf6 2. c4 g6 3. Nf3 Bg7 4. g3 0-0 5. Bg2 d6 6. 0-0 Nc6 7. b3 a6 8. Bb2 Rb8 9. d5 Na5 10. Nbd2 c5 11. dxc6 bxc6 12. e4 c5 13. e5 Ng4 14. h3 Nxe5 15. Nxe5 dxe5 16. Qe2 Bf5 17. Ne4 Qc7 18. Rad1 Rfd8 19. Rxd8+ Rxd8 20. Rd1 Rxd1+ 21. Qxd1 Bxe4 22. Bxe4 Qd6 23. Qxd6 exd6 24. Bc3 Nxb3 25. axb3 f5 26. Bd5+ Kf8 27. Bb7 Ke7 28. Bxa6 Bh6 29. Kf1 Bc1 30. Ke2 Ke6 31. Bb7 h5 32. Bd5+ Ke7 33. h4 g5 34. Bd2 Bxd2 35. Kxd2 gxh4 36. gxh4 e4 37. Ke3 Kf6 38. Kf4 1-0

[Event "Titled Tuesday intern op 13th Aug Early"]
[White "Gutierrez Olivares, Daniel"]
[Black "Carroll, Thomas"]
[Site "Chess.com INT"]
[Round "5"]
[Result "1-0"]
[Date "2024.08.13"]
[WhiteElo "2354"]
[BlackElo "2111"]
[PlyCount "137"]
[EventDate "2024.08.13"]
[EventType "swiss (blitz)"]
[EventRounds "11"]
[EventCountry "USA"]
[SourceTitle "EXT 2025"]
[Source "ChessBase"]
[SourceDate "2024.10.14"]
[SourceVersion "1"]
[SourceVersionDate "2024.10.14"]
[SourceQuality "1"]

1. Nf3 d6 2. g3 Nf6 3. Bg2 g6 4. 0-0 Bg7 5. c4 0-0 6. Nc3 c5 7. Rb1 Nc6 8. a3 a5 9. Ne1 Bd7 10. Nc2 a4 11. Ne3 Qa5 12. d3 Rfb8 13. Bd2 Nd4 14. Ned5 Nxd5 15. Nxd5 Qd8 16. e3 Nc6 17. Bc3 e6 18. Nf4 b5 19. cxb5 Rxb5 20. d4 cxd4 21. exd4 d5 22. Re1 Qb6 23. Ne2 Na5 24. Bf1 Qb7 25. Nf4 Rb6 26. Nd3 Nb3 27. Nb4 Rc8 28. h4 Bb5 29. Bh3 Re8 30. h5 Rd6 31. Qg4 Qa7 32. Rbd1 Qe7 33. Qf4 g5 34. Qf3 Qf6 35. Qg4 h6 36. Bg2 Rc8 37. Re3 Qd8 38. Rde1 Na5 39. Nxd5 exd5 40. Bxa5 Qf8 41. Bb4 Bd7 42. Qe2 Kh7 43. Qd3+ f5 44. Re7 Qf6 45. Bxd6 Qxd6 46. Bh3 Rf8 47. g4 Kh8 48. gxf5 Bf6 49. R7e6 Bxe6 50. Rxe6 Qf4 51. Qa6 g4 52. Rxf6 Rxf6 53. Qxf6+ Kg8 54. Qg6+ Kf8 55. Qxg4 Qc1+ 56. Kg2 Qxb2 57. Qf4 Qc2 58. Qxh6+ Ke7 59. Qe6+ Kd8 60. Qxd5+ Kc7 61. Qc5+ Kb8 62. Qxc2 Kb7 63. h6 Kb8 64. h7 Kb7 65. h8Q Ka7 66. Qc7+ Ka6 67. Qa8+ Kb5 68. Qab8+ Ka6 69. Qca7# 1-0

[Event "Titled Tuesday intern op 16th Jul Late"]
[White "Carroll, Thomas"]
[Black "Cardenas Carbajal, Nilson"]
[Site "Chess.com INT"]
[Round "6"]
[Result "1-0"]
[Date "2024.07.16"]
[WhiteElo "2111"]
[BlackElo "2049"]
[PlyCount "133"]
[EventDate "2024.07.16"]
[EventType "swiss (blitz)"]
[EventRounds "11"]
[EventCountry "USA"]
[SourceTitle "EXT 2025"]
[Source "ChessBase"]
[SourceDate "2024.10.14"]
[SourceVersion "1"]
[SourceVersionDate "2024.10.14"]
[SourceQuality "1"]

1. d4 d5 2. Nf3 e6 3. Bf4 Bd6 4. e3 Nf6 5. c3 0-0 6. Ne5 Nbd7 7. Nd2 Qe7 8. Bd3 c5 9. 0-0 Bxe5 10. dxe5 Ne8 11. e4 Nb6 12. a4 a5 13. Qg4 Bd7 14. Rfd1 Bc6 15. h4 g6 16. h5 Ng7 17. h6 Nh5 18. Bg5 f6 19. exf6 Nxf6 20. Qh4 Qf7 21. e5 Nh5 22. Be7 Nf4 23. Bf1 Nd7 24. Bxf8 Rxf8 25. Nf3 d4 26. Ng5 Qf5 27. cxd4 cxd4 28. Rxd4 Nxe5 29. Re1 Bxg2 30. Rxf4 Qxf4 31. Qxf4 Rxf4 32. Rxe5 Bd5 33. Bh3 Rh4 34. Kh2 Kf8 35. Kg3 Rb4 36. Nxe6+ Bxe6 37. Bxe6 Rxb2 38. Re3 Rb4 39. Bd7 g5 40. Bb5 Rh4 41. Re6 Kf7 42. Rb6 Rb4 43. Rxb7+ Kg6 44. Rb6+ Kf5 45. Ra6 Rb3+ 46. Kg2 g4 47. Rxa5 Kf4 48. Bd7 Rb2 49. Rf5+ Ke4 50. Rg5 Kf4 51. Rxg4+ Ke5 52. Rg3 Kd6 53. Bb5 Ke6 54. Rg7 Kf6 55. Rxh7 Kg6 56. Rd7 Kxh6 57. Rd3 Kg5 58. Rf3 Kg4 59. Bd7+ Kg5 60. a5 Kg6 61. a6 Ra2 62. Bc8 Ra4 63. Bb7 Ra5 64. Rf8 Kg5 65. Ra8 Ra2 66. a7 Ra5 67. Rg8+ 1-0

[Event "Titled Tuesday intern op 16th Jul Late"]
[White "Carroll, Thomas"]
[Black "Korpics, Zsolt"]
[Site "Chess.com INT"]
[Round "11"]
[Result "0-1"]
[Date "2024.07.16"]
[WhiteElo "2111"]
[BlackElo "2300"]
[PlyCount "72"]
[EventDate "2024.07.16"]
[EventType "swiss (blitz)"]
[EventRounds "11"]
[EventCountry "USA"]
[SourceTitle "EXT 2025"]
[Source "ChessBase"]
[SourceDate "2024.10.14"]
[SourceVersion "1"]
[SourceVersionDate "2024.10.14"]
[SourceQuality "1"]

1. d4 Nf6 2. Nf3 e6 3. Bf4 d5 4. e3 Bd6 5. Bd3 Bxf4 6. exf4 b6 7. c3 c5 8. Ne5 0-0 9. g4 Ne4 10. Nd2 f5 11. g5 Nd7 12. Ndf3 Nb8 13. Qe2 a5 14. a4 Ba6 15. Bb5 Bxb5 16. axb5 Qe8 17. c4 Nd7 18. Nc6 cxd4 19. Nfxd4 Ndc5 20. f3 Nd6 21. cxd5 exd5 22. Ne7+ Kh8 23. Nxd5 Qf7 24. Ne3 Rfe8 25. Kf2 Qh5 26. Rag1 Qh4+ 27. Rg3 Qxf4 28. g6 Qxd4 29. Rd1 Qe5 30. Rd5 Qe6 31. gxh7 f4 32. Rxd6 Qxd6 33. Rxg7 fxe3+ 34. Kf1 Qd2 35. Rg8+ Rxg8 36. hxg8Q+ Rxg8 0-1

[Event "Titled Tuesday intern op 16th Jul Late"]
[White "Mikhalsky, Vladimir"]
[Black "Carroll, Thomas"]
[Site "Chess.com INT"]
[Round "7"]
[Result "0-1"]
[Date "2024.07.16"]
[WhiteElo "2219"]
[BlackElo "2111"]
[PlyCount "112"]
[EventDate "2024.07.16"]
[EventType "swiss (blitz)"]
[EventRounds "11"]
[EventCountry "USA"]
[SourceTitle "EXT 2025"]
[Source "ChessBase"]
[SourceDate "2024.10.14"]
[SourceVersion "1"]
[SourceVersionDate "2024.10.14"]
[SourceQuality "1"]

1. c4 c6 2. e4 d5 3. cxd5 cxd5 4. exd5 Nf6 5. Bb5+ Bd7 6. Bc4 b5 7. Bb3 Na6 8. Ne2 g6 9. 0-0 Nc5 10. Nd4 Nxb3 11. Qxb3 Qb6 12. Nc6 Nxd5 13. Qxd5 Bxc6 14. Qe5 f6 15. Qe2 Bg7 16. d4 0-0 17. Qe6+ Kh8 18. d5 Bb7 19. Nc3 b4 20. Na4 Qxe6 21. dxe6 Bd5 22. Bd2 Bxe6 23. Bxb4 Bc4 24. Rfe1 f5 25. Bxe7 Rfb8 26. Bd6 Rd8 27. Be5 Rd2 28. Bxg7+ Kxg7 29. b3 Bb5 30. Nc3 Bc6 31. Rad1 Rad8 32. Rxd2 Rxd2 33. Re2 Rd3 34. Rc2 Kf6 35. f3 Ke5 36. Kf2 Kd6 37. Ne2 Rd1 38. Nf4 Ra1 39. Ke3 g5 40. Rd2+ Ke5 41. Nd3+ Kf6 42. Nb4 Be8 43. Na6 Rh1 44. Nc7 Bg6 45. h3 h5 46. Kf2 Ke5 47. Rd5+ Kf6 48. Ra5 g4 49. fxg4 hxg4 50. hxg4 fxg4 51. Rxa7 Be4 52. Ra4 Ke5 53. Ra5+ Kf6 54. Ra6+ Ke5 55. Re6+ Kf5 56. Re8 Rh2 0-1

[Event "Titled Tuesday intern op 09th Jul Late"]
[White "Carroll, Thomas"]
[Black "Bold, Andre"]
[Site "Chess.com INT"]
[Round "7"]
[Result "0-1"]
[Date "2024.07.09"]
[WhiteElo "2111"]
[BlackElo "2215"]
[PlyCount "50"]
[EventDate "2024.07.09"]
[EventType "swiss (blitz)"]
[EventRounds "11"]
[EventCountry "USA"]
[SourceTitle "EXT 2025"]
[Source "ChessBase"]
[SourceDate "2024.10.14"]
[SourceVersion "1"]
[SourceVersionDate "2024.10.14"]
[SourceQuality "1"]

1. d4 Nf6 2. Nf3 c5 3. d5 g6 4. Nc3 d6 5. e4 Bg7 6. Bb5+ Nfd7 7. a4 0-0 8. 0-0 Ne5 9. Nxe5 Bxe5 10. f4 Bd4+ 11. Kh1 e6 12. Ne2 Bg7 13. Ng3 exd5 14. exd5 Nd7 15. Ra3 Nf6 16. f5 Bd7 17. fxg6 fxg6 18. Bg5 Bxb5 19. axb5 Qd7 20. Raf3 Ng4 21. Rxf8+ Rxf8 22. Rxf8+ Bxf8 23. Ne4 Qf5 24. Qf3 Qxe4 25. Qg3 Qf5 0-1

[Event "Titled Tuesday intern op 09th Jul Late"]
[White "Carroll, Thomas"]
[Black "Cansun, Can Alp"]
[Site "Chess.com INT"]
[Round "2"]
[Result "1-0"]
[Date "2024.07.09"]
[WhiteElo "2111"]
[BlackElo "2130"]
[PlyCount "51"]
[EventDate "2024.07.09"]
[EventType "swiss (blitz)"]
[EventRounds "11"]
[EventCountry "USA"]
[SourceTitle "EXT 2025"]
[Source "ChessBase"]
[SourceDate "2024.10.14"]
[SourceVersion "1"]
[SourceVersionDate "2024.10.14"]
[SourceQuality "1"]

1. d4 Nf6 2. Nf3 e6 3. Bf4 d5 4. e3 Bd6 5. Bg3 0-0 6. Nbd2 c5 7. c3 Qc7 8. Bd3 Nbd7 9. 0-0 Bxg3 10. hxg3 e5 11. dxe5 Nxe5 12. Nxe5 Qxe5 13. Re1 Bg4 14. Qc2 Qh5 15. e4 dxe4 16. Nxe4 Nxe4 17. Rxe4 h6 18. Rae1 Be6 19. Re5 g5 20. Rxc5 Rad8 21. Bf5 Bd5 22. g4 Qh4 23. Re3 Rfe8 24. Rxd5 Rxe3 25. Rxd8+ Kg7 26. Qd2 1-0

[Event "Titled Tuesday intern op 09th Jul Late"]
[White "Carroll, Thomas"]
[Black "Lizak, Peter"]
[Site "Chess.com INT"]
[Round "6"]
[Result "0-1"]
[Date "2024.07.09"]
[WhiteElo "2111"]
[BlackElo "2398"]
[PlyCount "88"]
[EventDate "2024.07.09"]
[EventType "swiss (blitz)"]
[EventRounds "11"]
[EventCountry "USA"]
[SourceTitle "EXT 2025"]
[Source "ChessBase"]
[SourceDate "2024.10.14"]
[SourceVersion "1"]
[SourceVersionDate "2024.10.14"]
[SourceQuality "1"]

1. d4 Nf6 2. Nf3 c5 3. d5 g6 4. Nc3 Bg7 5. e4 d6 6. Bb5+ Bd7 7. a4 0-0 8. 0-0 Bg4 9. h3 Bxf3 10. Qxf3 Na6 11. Re1 Nb4 12. Qd1 Nd7 13. Be3 a6 14. Bf1 Rc8 15. Qd2 Re8 16. Rad1 Nf6 17. Bc4 Qa5 18. b3 b5 19. axb5 axb5 20. Bxb5 Nxe4 21. Nxe4 Qxb5 22. Bh6 Bh8 23. Ng5 Bf6 24. Qf4 Nxc2 25. Re4 Nd4 26. Nf3 Ne2+ 27. Rxe2 Qxe2 28. Re1 Qd3 29. Bg5 Qxd5 30. Re2 Ra8 31. h4 Qf5 32. Qg3 h5 33. Kh2 Qg4 34. Re3 Qxg3+ 35. Kxg3 Bxg5 36. Nxg5 Rab8 37. Ne4 Kg7 38. Kf4 Rb4 39. Kf3 Reb8 40. Nd2 e6 41. Rd3 d5 42. Rc3 R8b5 43. g3 Kf6 44. Ke3 d4+ 0-1

[Event "Titled Tuesday intern op 09th Jul Late"]
[White "Carroll, Thomas"]
[Black "Mazurkiewicz, Michal"]
[Site "Chess.com INT"]
[Round "10"]
[Result "0-1"]
[Date "2024.07.09"]
[WhiteElo "2111"]
[BlackElo "2224"]
[PlyCount "56"]
[EventDate "2024.07.09"]
[EventType "swiss (blitz)"]
[EventRounds "11"]
[EventCountry "USA"]
[SourceTitle "EXT 2025"]
[Source "ChessBase"]
[SourceDate "2024.10.14"]
[SourceVersion "1"]
[SourceVersionDate "2024.10.14"]
[SourceQuality "1"]

1. d4 Nf6 2. Nf3 g6 3. b3 Bg7 4. Bb2 0-0 5. g3 d6 6. Bg2 Nbd7 7. 0-0 e5 8. c4 Re8 9. Nc3 e4 10. Ng5 e3 11. fxe3 h6 12. Nge4 Nxe4 13. Nxe4 f5 14. Nc3 Rxe3 15. Qd2 Re8 16. e4 Nf6 17. Rae1 c6 18. exf5 Bxf5 19. Rxe8+ Qxe8 20. Re1 Qd7 21. Ba3 Re8 22. Rxe8+ Nxe8 23. Ne4 b6 24. h3 d5 25. cxd5 cxd5 26. Nc3 Bxh3 27. Bxd5+ Kh7 28. Bf3 Bxd4+ 0-1

[Event "Titled Tuesday intern op 09th Jul Late"]
[White "Omariev, Maksim"]
[Black "Carroll, Thomas"]
[Site "Chess.com INT"]
[Round "5"]
[Result "0-1"]
[Date "2024.07.09"]
[WhiteElo "2304"]
[BlackElo "2111"]
[PlyCount "94"]
[EventDate "2024.07.09"]
[EventType "swiss (blitz)"]
[EventRounds "11"]
[EventCountry "USA"]
[SourceTitle "EXT 2025"]
[Source "ChessBase"]
[SourceDate "2024.10.14"]
[SourceVersion "1"]
[SourceVersionDate "2024.10.14"]
[SourceQuality "1"]

1. e4 e6 2. d4 d5 3. Nc3 dxe4 4. Nxe4 Bd7 5. Bd3 Bc6 6. Nf3 Nd7 7. Qe2 Ngf6 8. Neg5 Bd6 9. Nxf7 Kxf7 10. Ng5+ Ke8 11. Nxe6 Qe7 12. 0-0 Bd5 13. Nxg7+ Kf7 14. Qxe7+ Bxe7 15. Nf5 Nf8 16. Re1 Be6 17. Nh6+ Ke8 18. c4 Ng4 19. d5 Nxh6 20. Bxh6 Rd8 21. Bc2 Bf7 22. Bg5 Rd7 23. Bf5 Ng6 24. Bxd7+ Kxd7 25. Bxe7 Nxe7 26. Rad1 b6 27. b4 Rg8 28. f3 h5 29. Kf2 h4 30. Re4 h3 31. g3 Bg6 32. Rh4 Rf8 33. Rxh3 Be4 34. f4 Bf5 35. Rh6 a5 36. a3 axb4 37. axb4 Ra8 38. Re1 Ra2+ 39. Re2 Ra3 40. Rf6 Bg4 41. Re3 Ra2+ 42. Kg1 Nf5 43. Re5 Nd4 44. Rf7+ Kc8 45. Rf8+ Kb7 46. Rg8 Nf3+ 47. Kf1 Bh3# 0-1

[Event "ENG-ch"]
[White "Banerjee, Supratit"]
[Black "Carroll, Thomas"]
[Site "Kenilworth"]
[Round "7"]
[Result "1-0"]
[Date "2024.06.23"]
[WhiteElo "2115"]
[BlackElo "2107"]
[PlyCount "67"]
[EventDate "2024.06.20"]
[EventType "swiss"]
[EventRounds "7"]
[EventCountry "ENG"]
[SourceTitle "CBM 220 Extra"]
[Source "ChessBase"]
[SourceDate "2024.07.31"]
[SourceVersion "1"]
[SourceVersionDate "2024.07.31"]
[SourceQuality "1"]

1. e4 c5 2. c3 d5 3. exd5 Qxd5 4. d4 Nf6 5. Nf3 e6 6. Na3 Nc6 7. Nb5 Qd8 8. dxc5 Bxc5 9. Qxd8+ Kxd8 10. b4 Bb6 11. Nd6 Ke7 12. Nc4 Ne4 13. Nxb6 axb6 14. Bb2 Bd7 15. Bd3 Nd6 16. a4 Ra7 17. b5 Na5 18. Nd2 Rc8 19. Ba3 f5 20. Bb4 e5 21. 0-0 Ke6 22. Rfd1 Raa8 23. Bb1 Rd8 24. Ba2+ Ke7 25. Nf3 Be6 26. Nxe5 Nb3 27. Bxb3 Bxb3 28. Rxd6 Rxd6 29. Re1 Re8 30. Bxd6+ Kxd6 31. Nc4+ Kd7 32. Nxb6+ Kd8 33. Rxe8+ Kxe8 34. a5 1-0

[Event "Titled Tuesday intern op 19th Sep Early"]
[White "Carroll, Thomas"]
[Black "Guevara, Robert N"]
[Site "Chess.com INT"]
[Round "7"]
[Result "1-0"]
[Date "2023.09.19"]
[WhiteElo "2048"]
[BlackElo "1993"]
[PlyCount "103"]
[EventDate "2023.09.19"]
[EventType "swiss (blitz)"]
[EventRounds "11"]
[EventCountry "USA"]
[SourceTitle "EXT 2024"]
[Source "ChessBase"]
[SourceDate "2023.10.10"]
[SourceVersion "1"]
[SourceVersionDate "2023.10.10"]
[SourceQuality "1"]

1. d4 d5 2. Nf3 e6 3. Bg5 Qd6 4. e3 Qb4+ 5. Nbd2 Qxb2 6. Bd3 Qa3 7. 0-0 Be7 8. e4 c6 9. Re1 Bxg5 10. Nxg5 h6 11. Ngf3 Nf6 12. Ne5 Nbd7 13. Qf3 dxe4 14. Nxe4 Qe7 15. c4 Nxe5 16. dxe5 Nxe4 17. Qxe4 g6 18. Rab1 0-0 19. h4 h5 20. Re3 Rd8 21. Rg3 Kf8 22. Qf4 Ke8 23. Rd1 Rd7 24. Qh6 Kd8 25. Qd2 Kc7 26. Qc3 Qxh4 27. c5 Qd4 28. Qa5+ b6 29. cxb6+ Qxb6 30. Qc3 Ba6 31. Rc1 Bxd3 32. Rxd3 Rxd3 33. Qxd3 Rd8 34. Qa3 Rd7 35. Qf8 Qb2 36. Rc5 Qa1+ 37. Kh2 Qd4 38. Rc2 Qf4+ 39. g3 Qxe5 40. Qa3 Kd8 41. Rxc6 Ke8 42. Rc8+ Rd8 43. Qa4+ Ke7 44. Qxa7+ Rd7 45. Qa3+ Kf6 46. Qf3+ Qf5 47. Qc3+ Kg5 48. Qb2 Kh6 49. Rc2 h4 50. Re2 hxg3+ 51. fxg3 Rd1 52. Rf2 1-0

[Event "Titled Tuesday intern op 19th Sep Early"]
[White "Carroll, Thomas"]
[Black "Kuchava, Ana"]
[Site "Chess.com INT"]
[Round "5"]
[Result "1/2-1/2"]
[Date "2023.09.19"]
[WhiteElo "2048"]
[BlackElo "2101"]
[PlyCount "77"]
[EventDate "2023.09.19"]
[EventType "swiss (blitz)"]
[EventRounds "11"]
[EventCountry "USA"]
[SourceTitle "EXT 2024"]
[Source "ChessBase"]
[SourceDate "2023.10.10"]
[SourceVersion "1"]
[SourceVersionDate "2023.10.10"]
[SourceQuality "1"]

1. d4 d5 2. Nf3 Nf6 3. Bg5 c5 4. c3 e6 5. Nbd2 Be7 6. e3 0-0 7. Bd3 h5 8. 0-0 Nc6 9. dxc5 Bxc5 10. e4 dxe4 11. Nxe4 Be7 12. Re1 Nxe4 13. Bxe7 Qxe7 14. Bxe4 Rd8 15. Qe2 Bd7 16. Rad1 Be8 17. Bxc6 Bxc6 18. Ne5 Qg5 19. Nxc6 bxc6 20. h3 Rd5 21. c4 Rxd1 22. Rxd1 Rd8 23. b3 g6 24. Qf3 Rxd1+ 25. Qxd1 Qa5 26. Qc2 Qd8 27. Qe2 Qd4 28. g3 Kg7 29. Kh2 a5 30. Qe3 Qb2 31. a3 Kg8 32. Kg2 Qxa3 33. Qb6 Kg7 34. h4 Qb4 35. Qd4+ Kg8 36. Qd8+ Kg7 37. Qd4+ Kg8 38. Qd8+ Kg7 39. Qd4+ 1/2-1/2

[Event "Titled Tuesday intern op 19th Sep Late"]
[White "Sarkar, Justin"]
[Black "Carroll, Thomas"]
[Site "Chess.com INT"]
[Round "9"]
[Result "0-1"]
[Date "2023.09.19"]
[WhiteElo "2290"]
[BlackElo "2048"]
[PlyCount "66"]
[EventDate "2023.09.19"]
[EventType "swiss (blitz)"]
[EventRounds "11"]
[EventCountry "USA"]
[SourceTitle "EXT 2024"]
[Source "ChessBase"]
[SourceDate "2023.10.10"]
[SourceVersion "1"]
[SourceVersionDate "2023.10.10"]
[SourceQuality "1"]

1. e4 Nc6 2. Nf3 d6 3. d4 Nf6 4. Nc3 g6 5. Be2 Bg7 6. 0-0 0-0 7. Re1 e5 8. d5 Ne7 9. Bc4 a6 10. a4 Bg4 11. h3 Bxf3 12. Qxf3 Nd7 13. g4 a5 14. Nd1 Nc5 15. Ne3 c6 16. Rd1 cxd5 17. Nxd5 Nxd5 18. Bxd5 Qe7 19. c3 Rac8 20. Qg2 Kh8 21. Be3 b6 22. Kh1 Rc7 23. b4 Nd7 24. Rd3 Rb8 25. b5 Bf8 26. Bc6 Nc5 27. Bxc5 dxc5 28. Rad1 Rcc8 29. Rd7 Qf6 30. f3 Rd8 31. Rxd8 Rxd8 32. Rd5 Be7 33. c4 Qf4 0-1

[Event "Titled Tuesday intern op 05th Sep Early"]
[White "Carroll, Thomas"]
[Black "Danielyan, Vahe"]
[Site "Chess.com INT"]
[Round "3"]
[Result "0-1"]
[Date "2023.09.05"]
[WhiteElo "2048"]
[BlackElo "2318"]
[PlyCount "60"]
[EventDate "2023.09.05"]
[EventType "swiss (blitz)"]
[EventRounds "11"]
[EventCountry "USA"]
[SourceTitle "EXT 2024"]
[Source "ChessBase"]
[SourceDate "2023.10.10"]
[SourceVersion "1"]
[SourceVersionDate "2023.10.10"]
[SourceQuality "1"]

1. c4 e5 2. Nc3 Nc6 3. g3 f5 4. Bg2 Nf6 5. Nd5 Bc5 6. e3 0-0 7. Ne2 d6 8. Nec3 Be6 9. 0-0 e4 10. d4 exd3 11. Qxd3 Ne5 12. Qe2 c6 13. Nxf6+ Qxf6 14. a3 Bxc4 15. Qd1 Bxf1 16. Qxf1 d5 17. b4 Bd6 18. Bb2 Rae8 19. Ne2 Qf7 20. h4 Nc4 21. Bd4 Be5 22. a4 Bxd4 23. Nxd4 g6 24. b5 c5 25. Nb3 b6 26. Rd1 Rd8 27. Kh2 Ne5 28. Qh1 d4 29. exd4 Qxb3 30. Rb1 Ng4+ 0-1

[Event "Titled Tuesday intern op 05th Sep Late"]
[White "Estrada Nieto, Julian"]
[Black "Carroll, Thomas"]
[Site "Chess.com INT"]
[Round "11"]
[Result "1-0"]
[Date "2023.09.05"]
[WhiteElo "2212"]
[BlackElo "2048"]
[PlyCount "61"]
[EventDate "2023.09.05"]
[EventType "swiss (blitz)"]
[EventRounds "11"]
[EventCountry "USA"]
[SourceTitle "EXT 2024"]
[Source "ChessBase"]
[SourceDate "2023.10.10"]
[SourceVersion "1"]
[SourceVersionDate "2023.10.10"]
[SourceQuality "1"]

1. e4 e6 2. d4 d5 3. Nd2 dxe4 4. Nxe4 Bd7 5. Nf3 Bc6 6. Bd3 Nd7 7. 0-0 Ngf6 8. Ng3 Be7 9. b3 0-0 10. Bb2 Bxf3 11. Qxf3 c6 12. Rfe1 a5 13. a3 a4 14. b4 Qc7 15. Nf5 exf5 16. Rxe7 Nd5 17. Qxf5 N5f6 18. d5 Qd6 19. Bxf6 Nxf6 20. Rxb7 cxd5 21. Rd1 Rac8 22. h3 Rc3 23. Ra7 Rxa3 24. Ra6 Rxd3 25. Rxd6 Rxd1+ 26. Kh2 Ra8 27. Ra6 Re8 28. Rxf6 g6 29. Qd7 Rf8 30. Qxa4 Kg7 31. Rf3 1-0